Spievajme Pánovi '97 2. ročník prehliadky chrámových zborov, 12.-14.6.1997

Podrobná bibliografia
Korporácia: Spievajme Pánovi Bratislava, Slovensko (Autor), Univerzitná knižnica v Bratislave (Autor)
Médium: Konferenčný príspevok Kniha
Jazyk:slovenčina
Fyzický popis:[4] s. 15x11 cm
Vydavateľské údaje: Bratislava Unvierzitná knižnica 1997
Predmet:

MARC

LEADER 00000nam a2200000 a 4500
001 vtls001295981
003 SK-MaSNL
005 20260425222051.0
008 160415s1997 xo 0 slo
015 |a SNBE1998/01-00552 
035 |a SNK000247805 
040 |a SNK  |b slo  |c SNK  |e AACR2 
041 0 |a slo 
044 |a xo  |c SK 
080 |a 78.091.4:78.071.2:784.1(083.97)  |2 1981 
080 |a 78.071.2  |2 1981 
080 |a 784.1  |2 1981 
111 1 |a Spievajme Pánovi  |n (2. :  |d 1997 :  |c Bratislava, Slovensko)  |4 aut  |9 63846 
245 1 |a Spievajme Pánovi '97  |b 2. ročník prehliadky chrámových zborov, 12.-14.6.1997 
260 |a Bratislava  |b Unvierzitná knižnica  |c 1997 
300 |a [4] s.  |c 15x11 cm 
610 0 7 |a Spievajme Pánovi  |b 2.  |d 1997  |x programy koncertov  |2 SNK  |9 287987 
611 1 7 |a Spievajme Pánovi  |n 2.  |d 1997  |c Bratislava, Slovensko  |x programy koncertov  |2 SNK  |9 287988 
650 0 7 |a hudba vokálna  |x zbory cirkevné  |x programy koncertov  |2 SNK  |9 287989 
651 7 |a Bratislava (Slovensko)  |2 SNK  |9 14568 
655 7 |a programy koncertov  |2 SNK  |9 76409 
710 0 |a Univerzitná knižnica v Bratislave  |4 aut  |9 192279 
958 |a TL 
999 |c 543039  |d 544969 
952 |t P60, <03>, [BOOK], {603}  |a SNK  |b SNK  |y PREZ  |7 0  |o snkOSE 3430  |i snkKSP 8269/97  |0 0  |1 0  |4 0  |d 1997-07-30  |l 0  |r 2005-01-02 00:00:00  |w 2026-02-23